Історія розвитку політичної думки (Запис № 310115)

МАРК-запис
000 -LEADER
fixed length control field 00712nam a22002657a 4500
001 - CONTROL NUMBER
control field 23855
003 - CONTROL NUMBER IDENTIFIER
control field UA-OsUOA
005 - DATE AND TIME OF LATEST TRANSACTION
control field 20210514093346.0
007 - PHYSICAL DESCRIPTION FIXED FIELD--GENERAL INFORMATION
fixed length control field ta
008 - FIXED-LENGTH DATA ELEMENTS--GENERAL INFORMATION
fixed length control field 20040130b un ||||| |||| 00| 0 ukr d
020 ## - INTERNATIONAL STANDARD BOOK NUMBER
International Standard Book Number 53250077726
040 ## - CATALOGING SOURCE
Original cataloging agency UA-OsUOA
Language of cataloging ukr
Transcribing agency UA-OsUOA
Modifying agency UA-OsUOA
041 ## - LANGUAGE CODE
Language code of text/sound track or separate title ukr
044 ## - COUNTRY OF PUBLISHING/PRODUCING ENTITY CODE
MARC country code UA
080 ## - UNIVERSAL DECIMAL CLASSIFICATION NUMBER
Universal Decimal Classification number 32(075)(091)
090 ## - LOCALLY ASSIGNED LC-TYPE CALL NUMBER (OCLC); LOCAL CALL NUMBER (OCLC)
Classification number (OCLC) (R) ; Classification number, CALL (RLIN) (NR) 32(075)(091)
Local cutter number (OCLC) ; Book number/undivided call number, CALL (RLIN) І90
100 ## - MAIN ENTRY--PERSONAL NAME
Personal name Мадіссон В. В.
245 ## - TITLE STATEMENT
Title Історія розвитку політичної думки
Remainder of title курс лекцій
260 ## - PUBLICATION, DISTRIBUTION, ETC. (IMPRINT)
Place of publication, distribution, etc К.
Name of publisher, distributor, etc Либідь
Date of publication, distribution, etc 1996
300 ## - PHYSICAL DESCRIPTION
Extent 176 с.
650 #7 - SUBJECT ADDED ENTRY--TOPICAL TERM
Source of heading or term UDC
942 ## - ADDED ENTRY ELEMENTS (KOHA)
Koha item type Книги
Source of classification or shelving scheme Universal Decimal Classification
955 ## - COPY-LEVEL INFORMATION (RLIN)
Classification number, CCAL (RLIN) інше
Фонди
Withdrawn status Lost status Source of classification or shelving scheme Damaged status Not for loan Home library Current library Date acquired Inventory number Total Holds Full call number Barcode Date last seen Price effective from Koha item type Total Checkouts Cost, normal purchase price
Withdrawn   Universal Decimal Classification   Not For Loan АБ - Абонемент НБ АБ - Абонемент НБ 19/07/2006 23269 1 32(075)(091) І90 23269 13/07/2019 30/01/2004 Книги    
    Universal Decimal Classification     АБ - Абонемент НБ АБ - Абонемент НБ 19/07/2006 23270   32(075)(091) І90 23270 22/11/2021 30/01/2004 Книги    
    Universal Decimal Classification     АБ - Абонемент НБ АБ - Абонемент НБ 19/07/2006 23271   32(075)(091) І90 23271 22/11/2021 30/01/2004 Книги    
    Universal Decimal Classification     АБ - Абонемент НБ АБ - Абонемент НБ 19/07/2006 23272   32(075)(091) І90 23272 22/11/2021 30/01/2004 Книги    
    Universal Decimal Classification     АБ - Абонемент НБ АБ - Абонемент НБ 19/07/2006 23274   32(075)(091) І90 23274 22/11/2021 30/01/2004 Книги    
    Universal Decimal Classification     АБ - Абонемент НБ АБ - Абонемент НБ 19/07/2006 23276   32(075)(091) І90 23276 22/11/2021 30/01/2004 Книги    
    Universal Decimal Classification     АБ - Абонемент НБ АБ - Абонемент НБ 19/07/2006 23277 1 32(075)(091) І90 23277 09/05/2022 30/01/2004 Книги    
    Universal Decimal Classification     АБ - Абонемент НБ АБ - Абонемент НБ 19/07/2006 23278   32(075)(091) І90 23278 22/11/2021 30/01/2004 Книги    
    Universal Decimal Classification     АБ - Абонемент НБ АБ - Абонемент НБ 19/07/2006 23279   32(075)(091) І90 23279 22/11/2021 30/01/2004 Книги    
    Universal Decimal Classification     АБ - Абонемент НБ АБ - Абонемент НБ 19/07/2006 23281   32(075)(091) І90 23281 22/11/2021 30/01/2004 Книги    
    Universal Decimal Classification     АБ - Абонемент НБ АБ - Абонемент НБ 28/08/2012 23273   32(075)(091) М13 23273 22/11/2021 01/09/2005 Книги    
    Universal Decimal Classification     ЧЗ - Читальна зала ЧЗ - Читальна зала 30/01/2004 64494   32(075)(091) І90 64494 07/02/2022 30/01/2004 Книги   5.00
    Universal Decimal Classification     ЧЗ - Читальна зала ЧЗ - Читальна зала 30/01/2004 64495   32(075)(091) І90 64495 07/02/2022 30/01/2004 Книги   1.00
    Universal Decimal Classification     ЧЗ - Читальна зала ЧЗ - Читальна зала 30/01/2004 64497   32(075)(091) І90 64497 07/02/2022 30/01/2004 Книги   5.00
    Universal Decimal Classification     ЧЗ - Читальна зала ЧЗ - Читальна зала 01/09/2005 64496   32(075)(091) М13 64496 07/02/2022 01/09/2005 Книги